| 000 | 01041nam a2200373 a 4500 | ||
|---|---|---|---|
| 003 | AR-BaBNM | ||
| 005 | 20251128205006.0 | ||
| 008 | 082120s2002 ||||||||||||||000 | spa|| | ||
| 020 | _a950-557-172-0 | ||
| 040 | _cAR-BaBNM | ||
| 100 | 1 | _aWolf, Eric R. | |
| 245 | 0 | 0 | _aEuropa y la gente sin historia |
| 250 | _a1ª ed. | ||
| 260 |
_aMéxico, D.F. _bFondo de Cultura Económica _c1993 |
||
| 300 |
_a600 p. _bil., mapas |
||
| 490 | 0 | _aSección de obras de historia | |
| 500 | _aContiene referencias bibliográficas en p. 515 | ||
| 500 | _aIndice analítico en p. 569 | ||
| 650 | 4 | _aCIENCIAS SOCIALES | |
| 650 | 4 | _aHISTORIOGRAFIA | |
| 650 | 4 | _aHISTORIA SOCIAL | |
| 650 | 4 | _aHISTORIA ECONOMICA | |
| 650 | 4 | _aHISTORIA EUROPEA | |
| 650 | 4 | _aHISTORIA AFRICANA | |
| 650 | 4 | _aHISTORIA AMERICANA | |
| 650 | 4 | _aHISTORIA LATINOAMERICANA | |
| 650 | 4 | _aCAPITALISMO | |
| 650 | 4 | _aESCLAVITUD | |
| 650 | 4 | _aINDUSTRIALIZACION | |
| 651 | 4 | _aAfrica | |
| 700 | 1 |
_aBárcenas, Agustín _etraductor |
|
| 942 | _cBK | ||
| 998 | _cMARTIN | ||
| 999 |
_c9610 _d9610 |
||